<?xml version='1.0' encoding='UTF-8'?>
  <record xmlns="http://www.loc.gov/MARC21/slim">
    <leader>00000cam a22000007  4500</leader>
    <controlfield tag="001">ocm20283922</controlfield>
    <controlfield tag="003">OCoLC</controlfield>
    <controlfield tag="005">20210507220403.4</controlfield>
    <controlfield tag="008">890831s1561    ne            000 0 lat d</controlfield>
    <datafield tag="040" ind1=" " ind2=" ">
      <subfield code="a">WAU</subfield>
      <subfield code="b">eng</subfield>
      <subfield code="c">WAU</subfield>
      <subfield code="d">OCLCQ</subfield>
      <subfield code="d">L2U</subfield>
      <subfield code="d">OCLCQ</subfield>
    </datafield>
    <datafield tag="029" ind1="1" ind2=" ">
      <subfield code="a">NLGGC</subfield>
      <subfield code="b">091616735</subfield>
    </datafield>
    <datafield tag="035" ind1=" " ind2=" ">
      <subfield code="a">(OCoLC)20283922</subfield>
    </datafield>
    <datafield tag="050" ind1=" " ind2="4">
      <subfield code="a">PA3876</subfield>
      <subfield code="b">.A27 1561</subfield>
    </datafield>
    <datafield tag="084" ind1=" " ind2=" ">
      <subfield code="a">18.43</subfield>
      <subfield code="2">bcl</subfield>
    </datafield>
    <datafield tag="100" ind1="0" ind2=" ">
      <subfield code="a">Aristophanes.</subfield>
    </datafield>
    <datafield tag="245" ind1="1" ind2="0">
      <subfield code="a">Aristophanis comici clarissimi graeci Ranae;</subfield>
      <subfield code="c">Lamberto Hortensio Montfortio interprete.</subfield>
    </datafield>
    <datafield tag="260" ind1=" " ind2=" ">
      <subfield code="a">Vltraiecti,</subfield>
      <subfield code="b">H. Borculous,</subfield>
      <subfield code="c">1561.</subfield>
    </datafield>
    <datafield tag="300" ind1=" " ind2=" ">
      <subfield code="a">1 volume (unpaged)</subfield>
    </datafield>
    <datafield tag="336" ind1=" " ind2=" ">
      <subfield code="a">text</subfield>
      <subfield code="b">txt</subfield>
      <subfield code="2">rdacontent</subfield>
    </datafield>
    <datafield tag="337" ind1=" " ind2=" ">
      <subfield code="a">unmediated</subfield>
      <subfield code="b">n</subfield>
      <subfield code="2">rdamedia</subfield>
    </datafield>
    <datafield tag="338" ind1=" " ind2=" ">
      <subfield code="a">volume</subfield>
      <subfield code="b">nc</subfield>
      <subfield code="2">rdacarrier</subfield>
    </datafield>
    <datafield tag="546" ind1=" " ind2=" ">
      <subfield code="a">Text in Latin.</subfield>
    </datafield>
    <datafield tag="650" ind1=" " ind2="7">
      <subfield code="a">18.43 ancient Greek literature.</subfield>
      <subfield code="0">(NL-LeOCL)077612191</subfield>
      <subfield code="2">bcl</subfield>
    </datafield>
    <datafield tag="650" ind1="1" ind2="7">
      <subfield code="a">De Kikkers (Aristophanes)</subfield>
      <subfield code="2">gtt</subfield>
      <subfield code="0">(NL-LeOCL)126188807</subfield>
    </datafield>
    <datafield tag="655" ind1=" " ind2="7">
      <subfield code="a">Commentaries (form)</subfield>
      <subfield code="0">(NL-LeOCL)088142418</subfield>
      <subfield code="2">gtt</subfield>
    </datafield>
    <datafield tag="655" ind1=" " ind2="7">
      <subfield code="a">Translations (form)</subfield>
      <subfield code="0">(NL-LeOCL)088145166</subfield>
      <subfield code="2">gtt</subfield>
    </datafield>
    <datafield tag="655" ind1=" " ind2="7">
      <subfield code="a">Drama (texts)</subfield>
      <subfield code="0">(NL-LeOCL)112192629</subfield>
      <subfield code="2">gtt</subfield>
    </datafield>
    <datafield tag="700" ind1="1" ind2=" ">
      <subfield code="a">Hortensius, Lambertus,</subfield>
      <subfield code="d">-1575.</subfield>
    </datafield>
  </record>